000 00997nam a2200265Ia 4500
003 OSt
005 20221005103912.0
006 a|||||r|||| 00| 0
007 ta
008 221004b |||||||| |||| 00| 0 hin d
020 _a9788188790715 (hbk)
_c2390
024 _a15805
037 _bBL172, 07/01/2015, K. K. Publications
_cTextual
040 _aCRL
_cCRL
_bhin
041 _2hin
_ahin
082 _aO152,3:g(Y), Q2
100 _aवत्स, ज्योति
245 0 _aहिन्दी उपन्यास
_b सांस्कृतिक परिदृश्य
246 _aHindī upanyāsa: sāanskṛutik paridṛushya
260 _aदिल्ली
_bकल्पना प्रकाशन भारत
_c2012
300 _a439पृ0
_ccm.
650 _aहिन्दी साहित्य
942 _hO152,3:g(Y), Q2
_cTEXL
_2cc
999 _c1011217
_d1011217